Privatizing libraries (Record no. 136333)
[ view plain ]
| 000 -LEADER | |
|---|---|
| fixed length control field | 01438nam a2200373 a 4500 |
| 100 1# - MAIN ENTRY--AUTHOR NAME | |
| Personal name | Jerrard, Jane. |
| 245 10 - TITLE STATEMENT | |
| Title | Privatizing libraries |
| 250 ## - EDITION STATEMENT | |
| Edition statement | 3rd ed. |
| 260 ## - PUBLICATION, DISTRIBUTION, ETC. (IMPRINT) | |
| Place of publication | Chicago : |
| Name of publisher | American Library Associations, |
| Year of publication | 2012. |
| 300 ## - PHYSICAL DESCRIPTION | |
| Number of Pages | xi, 56 p. |
| 490 1# - SERIES STATEMENT | |
| Series statement | ALA editions. Special reports |
| 650 #0 - SUBJECT ADDED ENTRY--TOPICAL TERM | |
| Topical Term | Libraries |
| Topical Term | Private libraries. |
| 700 1# - ADDED ENTRY--PERSONAL NAME | |
| Personal name | Bolt, Nancy. |
| Personal name | Strege, Karen. |
| Personal name | Tumulty, Patricia A. |
| Personal name | Merola, Marci. |
| 856 40 - ELECTRONIC LOCATION AND ACCESS | |
| Uniform Resource Identifier | http://site.ebrary.com/lib/rucke/Doc?id=10541131 |
No items available.
